000
00281nam a2200121Ia 4500
008
190216s9999||||xx |||||||||||||| ||und||
100
_a
Venetsky S
245
0
_a
On Rare And Scattered Metals
260
_b
Mir Publishers
_c
1983
300
_a
151p
650
_a
Physics
942
_c
BK
999
_c
33196
_d
33196